Movie Poster Quiz #4 - Statistics

General Stats
  • This quiz has been taken 1,442 times
  • The average score is 12 of 16
Answer Stats
Picture Answer % Correct
Toy Story
97%
Deadpool
96%
The Hunger Games
95%
Top Gun
93%
The Lego Movie
92%
American Psycho
87%
The Karate Kid
86%
John Wick
85%
Coraline
77%
Scarface
77%
RoboCop
74%
Uncharted
68%
Clueless
61%
Nope
39%
Candyman
38%
The Outsiders
36%
No matching quizzes found
Score Distribution
Percent of People with Each Score
Percentile by Number Answered
Your Score History
You have not taken this quiz